000 01017nam2a2200229 4500
001 rc\2899335
005 20260315053615.0
035 _a(NLR Aleph) 007050755
090 _a13590682
_c13590682
100 _a20110729d1932 u y0rusy50 ca
101 0 _arus
102 _aRU
105 _aa z |||||
200 0 _aЛекция 7-8
210 _d[1932]
215 _a33 с.
_cил.
461 0 _1001rc\2899334
_12000#$aПрикладная физика$fПреподает В.Г. Фридман$gОНТИ. Гос. техн.-теоретич. изд. Заоч. подготовка кадров I-II концентр$vЛекция 7-8
_1700#1$aФридман$bВ.Г.$gВладимир Георгиевич$f1881-
_96188314
_aФридман, В.Г. (1881-)
_c[Москва]
_d[1932]
_eИзд. стер.
_fПреподает В.Г. Фридман
_nБ. и.
_tПрикладная физика
_vЛекция 7-8
801 0 _aRU
_bNLR
_gpsbo
801 1 _aRU
_bELAR
_2rusmarc
852 _aNLR
_j33-19/120
942 _cUNSPEC
980 _aNB